Elements of information theory / (Record no. 179)

MARC details
000 -LEADER
fixed length control field 01205cam a2200337 a 4500
001 - CONTROL NUMBER
control field 13935478
003 - CONTROL NUMBER IDENTIFIER
control field OSt
005 - DATE AND TIME OF LATEST TRANSACTION
control field 20250420134759.0
008 - FIXED-LENGTH DATA ELEMENTS--GENERAL INFORMATION
fixed length control field 050419s2006 njua b 001 0 eng
010 ## - LIBRARY OF CONGRESS CONTROL NUMBER
LC control number 2005047799
015 ## - NATIONAL BIBLIOGRAPHY NUMBER
National bibliography number GBA564890
Source bnb
016 7# - NATIONAL BIBLIOGRAPHIC AGENCY CONTROL NUMBER
Record control number 013265002
Source Uk
020 ## - INTERNATIONAL STANDARD BOOK NUMBER
International Standard Book Number 9780471241959
035 ## - SYSTEM CONTROL NUMBER
System control number (OCoLC)ocm59879802
040 ## - CATALOGING SOURCE
Original cataloging agency DLC
Transcribing agency KCST
Modifying agency BAKER
-- UKM
-- OCLCQ
050 00 - LIBRARY OF CONGRESS CALL NUMBER
Classification number Q360
Item number .C68 2006
082 00 - DEWEY DECIMAL CLASSIFICATION NUMBER
Classification number 003.54
Edition information 22
Item number Co El
100 1# - MAIN ENTRY--PERSONAL NAME
Personal name Cover, T. M.,
Dates associated with a name 1938-
9 (RLIN) 691
245 10 - TITLE STATEMENT
Title Elements of information theory /
Statement of responsibility, etc. Thomas M. Cover, Joy A. Thomas.
250 ## - EDITION STATEMENT
Edition statement 2nd ed.
260 ## - PUBLICATION, DISTRIBUTION, ETC.
Place of publication, distribution, etc. Hoboken, N.J. :
Name of publisher, distributor, etc. Wiley-Interscience,
Date of publication, distribution, etc. c2006.
300 ## - PHYSICAL DESCRIPTION
Extent xxiii, 748 p. :
Other physical details ill. ;
Dimensions 25 cm.
504 ## - BIBLIOGRAPHY, ETC. NOTE
Bibliography, etc. note Includes bibliographical references (p. 689-721) and index.
650 #0 - SUBJECT ADDED ENTRY--TOPICAL TERM
Topical term or geographic name entry element Information theory.
9 (RLIN) 692
700 1# - ADDED ENTRY--PERSONAL NAME
Personal name Thomas, Joy A.
9 (RLIN) 693
856 42 - ELECTRONIC LOCATION AND ACCESS
Materials specified Publisher description
Uniform Resource Identifier <a href="http://www.loc.gov/catdir/enhancements/fy0624/2005047799-d.html">http://www.loc.gov/catdir/enhancements/fy0624/2005047799-d.html</a>
856 41 - ELECTRONIC LOCATION AND ACCESS
Materials specified Table of contents
Uniform Resource Identifier <a href="http://www.loc.gov/catdir/enhancements/fy0624/2005047799-t.html">http://www.loc.gov/catdir/enhancements/fy0624/2005047799-t.html</a>
856 42 - ELECTRONIC LOCATION AND ACCESS
Materials specified Contributor biographical information
Uniform Resource Identifier <a href="http://www.loc.gov/catdir/enhancements/fy0826/2005047799-b.html">http://www.loc.gov/catdir/enhancements/fy0826/2005047799-b.html</a>
942 ## - ADDED ENTRY ELEMENTS (KOHA)
Koha item type Book
942 ## - ADDED ENTRY ELEMENTS (KOHA)
Source of classification or shelving scheme Dewey Decimal Classification
Holdings
Withdrawn status Lost status Source of classification or shelving scheme Damaged status Not for loan Home library Current library Date acquired Cost, normal purchase price Total checkouts Full call number Barcode Date last seen Price effective from Koha item type Source of acquisition
    Dewey Decimal Classification     KCST Library KCST Library 02/12/2019 32.67   003.54 Co El 1000000302 02/12/2019 02/12/2019 Course Textbook  
    Dewey Decimal Classification     KCST Library KCST Library 01/09/2025 27.50   003.54 Co El 1000001621 18/09/2025 01/09/2025 Course Textbook COSTHE-PO-000590
    Dewey Decimal Classification     KCST Library KCST Library 01/09/2025 27.50   003.54 Co El 1000001622 18/09/2025 01/09/2025 Course Textbook COSTHE-PO-000590
© 2025 KCST. All rights reserved